00494nam a2200169 a 450000100060000000300090000600800410001504000280005608200180008410000270010224500270012926000630015630000110021949000530023065000190028365000220030217859CO-ViMGA141112s2004 ck r 000 u spa d aCO-ViMGAbspacCO-ViMGA04aCo861.6 C151c1 aCañas Delgado, Jhair10aCanciones de la sangre aGuainía, cFondo Mixto de la Cultura y las Artes, c2001 a112.p. aColección de poemarios, tierra de muchas aguas14aPOESIA AMOROSA14aPOESIA COLOMBIANA